| 000 | 00622nam a2200193 a 4500 | ||
|---|---|---|---|
| 005 | 20231128093604.0 | ||
| 008 | 121008s2010 mx r 000 0 spa d | ||
| 020 | _a9788560230198 | ||
| 035 | _aUPN01000187217 | ||
| 049 | _aCG | ||
| 050 | 4 |
_aF2520.1 T9.8 _bR4.4 |
|
| 100 | 1 |
_aRezende, Justino Sarmento, _d1961- _932843 |
|
| 245 | 1 | 0 |
_aA educação na visão de Um Tuyuka / _cJustino Sarmento Rezende. |
| 260 |
_aManaus : _bFaculdade Salesiana Dom Bosco, _c2010. |
||
| 300 |
_a206 p. : _bil. |
||
| 650 | 4 |
_aTuyucas _zBrasil _xVida social y costumbres _921412 |
|
| 650 | 4 |
_aTuyucas _zBrasil _xFolklore _921413 |
|
| 905 | _aLibro | ||
| 999 |
_c159320 _d159320 |
||